| 000 | 00418nam a2200145Ia 4500 | ||
|---|---|---|---|
| 003 | SGT | ||
| 020 | _a9780074623053 | ||
| 082 |
_a624.1821 _bNEG |
||
| 245 | _aDesign of steel structures | ||
| 250 | _a2nd . Ed. | ||
| 260 |
_bTata McGraw Hill Education Private Limited _aNew Delhi _c1997 |
||
| 650 | _aCIVIL ENGINEERING | ||
| 653 | _a MATERIALS AND SPECIFICATIONS,STRUCTURAL FASTENERS ,BEAMS BEAM COLUMN | ||
| 942 |
_cBK _2ddc |
||
| 999 |
_c5529 _d5529 |
||